000 00784nam a22002057a 4500
005 20240521151629.0
010 _aENG-140429
020 _a9789392038426
_c1095.00
035 _aEN-123961
037 _bDBAD
082 _a370
100 _aKonwar, Ishmi Rekha Handique
_966652
245 _aNational Education Policy 2020:
_bA Paradigm Shift in Indian Education System/
_cEdited by Ishmi Rekha Handique Konwar [and] Angita sarmah Boruah
260 _aAssam
_bEBH Publishers, an imprint of Eastern Book House
_c2022
270 _a136, M.L. Nehru Road, Panbazar, Guwahati
_bAssam
_e781001
300 _a180 p.
_c24cm, (hb}
700 _aKonwar, Ishmi Rekha Handique
_966297
_eEditor
700 _aBoruah, Angita sarmah
_eEditor
_966650
942 _2ddc
_cEN
_h370
_mNAT
999 _c203113
_d203113